000 00601nam a2200205Ia 4500
005 20260429111956.0
008 260429s9999||||xx |||||||||||||| ||und||
020 _a9789811287664
041 _aEnglish
082 _a005.115
_bFEJ
100 _aFejer, Peter A.
245 0 _aLogical foundations of computer science :
_bpredicate logic, Vol. 2 /
_cPeter A. Fejer
260 _aSingapore :
_bWorld Scientific Publishing,
_c2025.
300 _axv, 533-1302 p.; hb
440 _vVol. 2
650 _a Logic programming
650 _aComputer science
700 _a Simovici, Dan A.
942 _cTB
999 _c51704
_d51704